Statistics for Premier League Teams 23/24 - Wolverhampton Wanderers

Click here to take the quiz!

General Stats

  • This quiz has been taken 2 times
  • The average score is 6 of 21

Answer Stats

QuestionAnswer% Correct
Who is their head Coach?Gary O'Neil
100%
Which team is their closest rival?West Bromwich Albion
100%
What is their nickname?Wolves
100%
Which company sponsors their kit?Astropay
50%
What is the name of their stadium?Molineux Stadium
50%
How many consecutive seasons in the top division?Six
50%
With 306 goals, who is their record goal scorer?Steve Bull
50%
How many top division titles have they won?Three
50%
Their biggest loss was against Newton Heath in 1892. What was the score?1-10
0%
Which year did they win their most recent top division title?1959
0%
Their record home attendance was against Liverpool in 1939. How many were there. (To the nearest 1,000)61,315
0%
Their oldest first team player was 41 years, 116 days. Who was it?Archie Goodall
0%
Their record cup win was 14–0 in 1886. Who was it against?Crosswell's Brewery
0%
With 609 games, who has played the most for them?Derek Parkin
0%
Who is the owner of the club? (If more than one owner, use the person/company with the majority stake)Fosun International
0%
What is the colour of their home kit?Gold and Black
0%
Who is the chairman?Jeff Shi
0%
Their youngest first team player was only 16 years, 43 days. What was his name?Jimmy Mullen
0%
Their record league win was 10–1 in 1938. Can you name their opponent?Leicester City
0%
...and what does it mean in English?Out of Darkness Cometh Light
0%
What is their motto?Out of Darkness Cometh Light
0%

Score Distribution

Percentile by Number Answered

Percent of People with Each Score

Your Score History

You have not taken this quiz